L'evolution des idées générales / (Record no. 163472)

MARC details
000 -LEADER
campo de control de longitud fija 00756nam a22002055i 4500
001 - NÚMERO DE CONTROL
campo de control 163472
003 - IDENTIFICADOR DE NÚMERO DE CONTROL
campo de control ES-MaACL
005 - FECHA Y HORA DE LA ÚLTIMA TRANSACCIÓN
campo de control 20250704063121.0
008 - DATOS DE LONGITUD FIJA--INFORMACIÓN GENERAL
campo de control de longitud fija 991028s1897 fr |||| | fre d
040 ## - FUENTE DE CATALOGACIÓN
Centro catalogador/agencia de origen AS
Lengua de catalogación spa
Centro/agencia transcriptor AS
100 1# - ENTRADA PRINCIPAL--NOMBRE DE PERSONA
Nombre de persona Ribot, Théodule,
Fechas asociadas al nombre 1839-1916
9 (RLIN) 96838
245 12 - MENCIÓN DEL TÍTULO
Título L'evolution des idées générales /
Mención de responsabilidad, etc. par Th. Ribot.
260 ## - PUBLICACIÓN, DISTRIBUCIÓN, ETC.
Lugar de publicación, distribución, etc. Paris :
Nombre del editor, distribuidor, etc. Ancienne Libr. Germer Baillière et Cie, Felix Alcan,
Fecha de publicación, distribución, etc. 1897 (
Lugar de fabricación/manufactura Tours :
Fabricante Imp. E. Arrault et C\pie\s)
300 ## - DESCRIPCIÓN FÍSICA
Extensión 260 p. ;
Dimensiones 23 cm.
490 1# - MENCIÓN DE SERIE
Mención de serie Bibliothéque de Philosophie Contemporaine
650 #4 - PUNTO DE ACCESO ADICIONAL DE MATERIA--TÉRMINO DE MATERIA
Término de materia o nombre geográfico como elemento de entrada Conceptos (Filosofía)
9 (RLIN) 135801
830 0# - PUNTO DE ACCESO ADICIONAL DE SERIE-TÍTULO UNIFORME
Título uniforme Bibliothéque de Philosophie Contemporaine
9 (RLIN) 181027
852 ## - LOCALIZACIÓN
Ubicación ES-MaACL
Número de control de estantería B-7059
Nota libre -- Enc. pasta
Holdings
Estatus retirado Estado de pérdida Estado de daño No para préstamo Colección Biblioteca de origen Biblioteca actual Ubicación en estantería Fecha de adquisición Fuente de adquisición Total de préstamos Signatura topográfica completa Código de barras Visto por última vez Precio de reemplazo Tipo de ítem Koha
        Libros del s. XIX Biblioteca del Ateneo de Madrid Biblioteca del Ateneo de Madrid Sala Pardo Bazán 17/01/2008     B-7059 1171303 23/02/2023 23/02/2023 Libro impreso antiguo